A visita imperial (Registo nº 1582)

Detalhes MARC
000 -Etiqueta do registo
Cabeçalho 00637nam0a2200241 4500
005 - Identificador da versão
Campo de controlo 20240813121840.0
010 ## - Número internacional normalizado dos livros (ISBN)
Número (ISBN) 9727660932
021 ## - Número do Depósito Legal
Código do país PT
Número 113016/97
100 ## - Dados gerais de processamento
Dados gerais de processamento 20160704d1997 a e0pory5003 ba
102 ## - Pais de publicação ou produção
País de publicação Portugal
101 1# - Língua de publicação
Língua do texto, banda sonora, etc. Português
Língua do documento no original Inglês
215 ## - Descrição física 
Indicação específica da natureza do documento e extensão da espécie 124 p.
Outras indicações físicas il. color
200 1# - Titulo e menção de responsabilidade
Título próprio A visita imperial
Primeira menção de responsabilidade Alain Jost
225 2# - Colecção 
Título próprio da colecção Sissi
210 ## - Publicação, Distribuição, etc. 
Lugar da edição, distribuição, etc. Queluz
Nome do editor, distribuidor, etc. Impala
Data da publicação, distribuição, etc. cop. 1998
606 ## - Nome comum usado como assunto
Número de registo de entrada de autoridade 0003077
Palavra de ordem Literatura belga
Subdivisão de assunto Conto
Código do sistema CA
675 ## - Classificação Decimal Universal (CDU)
Notação 821.133.1(493)-34
Edição 3ª ed.
Língua da edição por
700 #1 - Nome de autor-pessoa física (responsabilidade principal)
Número de registo de entrada de autoridade 0003079
Palavra de ordem Jost
Outra parte do nome não tomada para palavra de ordem Alain
Datas 1955-
966 ## - Identificação da Biblioteca
Sigla EB2,3ENM
942 ## - Elementos de entrada adicionados (Koha)
Tipo de item no Koha Livro
Exemplares
Situação do levantamento Origin of item (home branch) (coded) Biblioteca de empréstimo Código de barras Cota Data de devolução Circulation type (not for loan) Tipo de documento Nota do exemplar Damaged status
  Biblioteca Escolar Eng. Nuno Mergulhão Biblioteca Escolar Eng. Nuno Mergulhão BENM342 82LE-34 JOS     Livro Sem mensagem